000 00782nam a2200289Ia 4500
005 20260324113703.0
008 008 260324s9999 xx 000 0 eng d
020 _a9781003219750
037 _aEBOOK
040 _aCRL
040 _beng
040 _cCRL
041 _2eng
041 _aeng
084 _qCRL
100 _aLisa A. Wines; Judy A. Nelson; Natalie Fikac
_91147769
245 0 _aAdministrative Leaders and School Counselors
245 0 _bBuilding on Theories, Standards, and Experiences for Optimal Mental Health Collaboration
260 _bTaylor and Francis
260 _c2023
365 _a
365 _b205
856 _uhttp://www.taylorfrancis.com/books/9781003219750
942 _cEBOOK
999 _c1737550
_d1737550